000 00686nam a2200289Ia 4500
005 20260324122949.0
008 008 260324s9999 xx 000 0 eng d
020 _a9781315218304
037 _aEBOOK
040 _aCRL
040 _beng
040 _cCRL
041 _2eng
041 _aeng
084 _qCRL
100 _aHai Li; Yiran Chen
_91168504
245 0 _aNonvolatile Memory Design
245 0 _bMagnetic, Resistive, and Phase Change
260 _bTaylor and Francis
260 _c2012
365 _a
365 _b560
856 _uhttp://www.taylorfrancis.com/books/9781315218304
942 _cEBOOK
999 _c1761608
_d1761608